Statistiche per Ricostruisci la Carriera del Calciatore - Dario Šimić

Clicka qui per fare il quiz!

Statistiche generali

  • Questo quiz è stato fatto 2 volte
  • Il punteggio medio è 3 su 5

Statistiche sulle risposte

HintRisposta% Corretto
1992-1999 Dinamo Zagabria
100%
2010 Dinamo Zagabria
100%
2002-2008 Milan
50%
2008-2010 Monaco
50%
1999-2002 Inter
0%

Distribuzione punteggi

Percentile per numero di risposta

Percentuale di utenti per punteggio

I tuoi punteggi nel tempo

Non hai fatto questo quiz